000 00766na a2200229 4500
001 19206
003 MIRAKIL
005 20181213155129.0
008 170112b tu 000 0
020 _a9759697467
040 _aMilas
_btur
_cTR-AnCHP
041 _atur
082 _a353.0312
_bC85 [2000]
090 _a353.0312 C85 [2000]
245 _aCumhurbaşkanı Sayın Süleyman Demirel'in yıllık basın toplantıları 1993-1999
260 _aAnkara
_b[Cumhurbaşkanlığı]
_c1999
300 _aiii, 922 s.
_c29 sm.
600 _aDemirel, Süleyman
_xSiyasal ve sosyal görüşler
600 _aDemirel, Süleyman
_cCumhurbaşkanı
_d1924-2015
_xBasın toplantıları
650 _aCumhurbaşkanları
_xBasın toplantıları
_zTürkiye
942 _2dcc
_cBKS
999 _c7147
_d7147